00363pab a2200121 454500008004000000100001500040245008900055260000900144300001400153362001200167650001800179773004400197180718b1971 xxu||||| |||| 00| 0 eng d aJain, R.B. aThe United States Civil Service Commission: Its place in the machinery of government c1971 ap.86-116. aJan-Mar aCivil service aIndian Journal of Public Administration